000 00310nam a2200121Ia 4500
008 240731s9999 xx 000 0 und d
022 _a2693-5198
245 0 _aStudies in Economics and Econometrics
260 _bRoutledge
856 _uhttps://www.tandfonline.com/loi/rsee20
942 _2ddc
942 _cTFEJ
999 _c79588
_d79588
945 _a1
_bMadushi Gamage
_c1
_dMadushi Gamage